| 000 -CABECERA |
| Longitud fija campo de control |
00837nam a2200217 a 4500 |
| 001 - NÚMERO DE CONTROL |
| Número de control |
34 |
| 003 - IDENTIFICADOR DEL NÚMERO DE CONTROL |
| Identificador del número de control |
CDMR |
| 005 - FECHA Y HORA DE LA ÚLTIMA TRANSACCIÓN |
| Fecha y hora de la última transacción |
20151016134202.0 |
| 008 - CÓDIGOS DE INFORMACIÓN DE LONGITUD FIJA |
| Códigos de información de longitud fija |
130130s1995||||sp |||||||||||||||||cat|d |
| 020 ## - NÚMERO INTERNACIONAL NORMALIZADO PARA LIBROS |
| Número Internacional Normalizado para Libros (ISBN) |
8473290712 |
| 040 ## - FUENTE DE LA CATALOGACIÓN |
| Centro catalogador de origen |
CDMR |
| Lengua de catalogación |
cat |
| Centro transcriptor |
CPC LLEIDA |
| 100 1# - PUNTO DE ACCESO PRINCIPAL-NOMBRE DE PERSONA |
| Nombre de persona |
Pous Mas, Maria Teresa |
| 9 (RLIN) |
38 |
| 245 10 - MENCIÓN DE TÍTULO |
| Título |
10 dels 10 anys de TV3 |
| Mención de responsabilidad, etc. |
Maria Teresa Pous i Mas ; conversa-próleg amb Oleguer Sarsanedas |
| 260 ## - PUBLICACIÓN, DISTRIBUCIÓN, ETC. (PIE DE IMPRENTA) |
| Lugar de publicación, distribución, etc. |
Barcelona |
| Fecha de publicación, distribución, etc. |
1995 |
| Nombre del editor, distribuidor, etc. |
Club Editor |
| 300 ## - DESCRIPCIÓN FÍSICA |
| Extensión |
211 p. |
| 500 ## - NOTA GENERAL |
| Nota general |
Conté les converses amb Salvador Alsius, Jaume Barberà, Àngels Barceló, Miquel Calzada (Mikimoto), Josep Cuní, Jaume Figueres, Toni Garriga, Maria Pau Huguet, Mònica Huguet i Alfred Rodríguez Picó |
| 650 04 - PUNTO DE ACCESO ADICIONAL DE MATERIA - TÉRMINO DE MATERIA |
| 9 (RLIN) |
3133 |
| Término de materia o nombre geográfico como elemento inicial |
Periodistes catalans |
| Subdivisión de forma |
Intervius |
| 610 2# - PUNTO DE ACCESO ADICIONAL DE MATERIA - NOMBRE DE ENTIDAD CORPORATIVA |
| 9 (RLIN) |
446 |
| Nombre de entidad corporativa o nombre de jurisdicción como elemento inicial |
Televisió de Catalunya |
| 700 1# - PUNTO DE ACCESO ADICIONAL - NOMBRE DE PERSONA |
| 9 (RLIN) |
3539 |
| Nombre de persona |
Sarsanedas, Oleguer |
| Término indicativo de función |
pr. |
| 942 ## - ENTRADA DE ELEMENTOS AGREGADOS (KOHA) |
| Koha [por defecto] tipo de item |
Monografies |
| Fuente de clasificaión o esquema |
|